000 00565nam a22001577a 4500
008 150904b xxu||||| |||| 00| 0 eng d
020 _a9781107642782
050 _aBR118.Y695 2013
100 _aYoung, Frances
_97465
245 _aGod's Presence
_ba contemporary recapitulation of Early Christianity
_cFrance Young
260 _aCambridge
_bCambridge University Press
_c2013
300 _axiv, 474p. ;
_c22cm.
650 _aTheology
_xhistory
_yca. 30-600
_919288
650 _aChurch history
_xprimitive and early church
_yca. 30-600
_919289
942 _2lcc
_cMONOGRAPH
999 _c123225
_d123225